01096nam a2200229 a 450000100100000000500170001000800410002704000250006808200190009310000440011224500650015626000760022130000200029760000700031765000280038765000310041591000380044604900090048495201750049395201810066899900170084900003303620240412074256.0110808t1951 dr c 000 p spa d aDO-SdBNPbspacBNPHU aRD861.42bE77r1 aEspaillat D. de Ventura, Eva Ma.95873913aEl romancero de Trujillo /cEva Ma. Espaillat D. de Ventura. aCiudad Trujillo, República Dominicana :bImpresora Dominicana,c1951. a53 p. ;c22 cm. 0aTrujillo Molina, Rafael Leónidas, d1891-1961xPoesías924080 0aPoesía dominicana966 0aLiteratura dominicana.967 aValidado. Control de calidad EMS. aBNPD 001050718RVaPDbPDcHDd2011-08-08iLF1l0oRD861.42 E77rp33036-10r2020-06-25w2020-06-25y1zPerteneció a la biblioteca personal de Martínez BoogZNo se presta 001050718RVaPDbPDcHDd2011-08-08iLF1l0oRD861.42 E77rp33036-20r2020-06-25te. 2w2020-06-25y1zPerteneció a la biblioteca personal de Martínez BoogZNo se presta c32527d32527